quatre gars (Les)
| Auteur principal: | Claire Renaud |
|---|---|
| Support: | Livres |
| Langue: | Francais |
| Publié: |
2018 Sarbacane Paris |
| Genre: |
Roman enfant |
| Sujets: | |
| Étiquettes: |
Ajouter
Pas de Tags !
|
| LEADER | 00510nam0a2200169 450 | ||
|---|---|---|---|
| 001 | 16829418 | ||
| 010 | |a 978-2-37731-053-1 |b br. |d 15,5 | ||
| 100 | |a 20180117d2018 u u0frey01 ba | ||
| 101 | 0 | |a fre | |
| 102 | |a FR | ||
| 200 | 0 | |a quatre gars (Les) |f Claire Renaud | |
| 207 | 1 | |a | |
| 210 | |a Paris |c Sarbacane |d 2018 | ||
| 700 | 0 | |a Renaud |b Claire |f 1976-.... |4 70 | |
| 900 | |a Roman enfant | ||
| 901 | |a Accessible au prêt | ||
| 995 | |a Bibliothèque |c Bibliothèque |f 024018697 |h 024018697 |k E C4 REN |o p |q j |r az |e Bibliothèque | ||
